Statistiques concernant Les attributs de Dionysos/Bacchus sur un dessin

Cliquez ici pour prendre le quiz!

Statistiques générales

  • Ce quiz a été pris 115 fois
  • Le résultat moyen est 6 sur 7

Réponses sur la Carte

Les réponses sont colorées sur une échelle allant du rouge au vert en fonction du pourcentage des utilisateurs qui les ont devinées à leur premier essai. Vous pouvez retrouver ces pourcentages ci-dessous.
 

Statistiques - réponses

Attribut% Correct
La coupe de vin
100%
Le bouc
96%
Le théâtre/Les masques
95%
La vigne
90%
La couronne de lierre
75%
La mort
65%
Le thyrse
57%

Distribution des résultats

Percentile par nombre de réponses

% des personnes avec chaque résultat

Votre développement - résultats

Vous n’avez pas pris ce quiz